[Event "BL2 Sued 1819 (Women)"]
[Site "Germany"]
[Date "2018.10.27"]
[Round "1.5"]
[White "Neisius, Laura Maria"]
[Black "Braun, Kristin"]
[Result "1/2-1/2"]
[WhiteElo "1655"]
[BlackElo "1939"]
[PlyCount "165"]
[EventDate "2018.10.27"]
[EventType "team-tourn"]
[EventRounds "7"]
[EventCountry "GER"]
[SourceTitle "CBM 190 Extra"]
[Source "ChessBase"]
[SourceDate "2019.07.15"]
[SourceVersion "1"]
[SourceVersionDate "2019.07.15"]
[SourceQuality "1"]
[WhiteTeam "Freiburg Zaehringen (W)"]
[BlackTeam "Augsburg (W)"]
[WhiteTeamCountry "GER"]
[BlackTeamCountry "GER"]

1. e4 c5 2. c3 d5 3. exd5 Qxd5 4. Qf3 Nf6 5. Qxd5 Nxd5 6. Nf3 Nc6 7. Bb5 Bd7 8. 0-0 e6 9. d4 cxd4 10. Nxd4 Nxd4 11. Bxd7+ Kxd7 12. cxd4 Bb4 13. Be3 Rac8 14. a3 Ba5 15. b4 Bb6 16. Nd2 Ke7 17. Rfe1 Rhd8 18. Ne4 Rc4 19. Nc5 Bxc5 20. bxc5 Nxe3 21. fxe3 e5 22. Rab1 Rd7 23. Rb4 Rxb4 24. axb4 exd4 25. exd4+ Kf6 26. Rd1 Ke6 27. b5 Kd5 28. Ra1 Kc4 29. c6 bxc6 30. bxc6 Rc7 31. Ra4+ Kb5 32. Ra2 Kxc6 33. Kf2 Kb5 34. Ke3 a5 35. Kd3 a4 36. d5 Rc4 37. g3 Kc5 38. d6 Rd4+ 39. Ke3 Rxd6 40. Rxa4 Kd5 41. Rf4 Ke6 42. h4 Ra6 43. Re4+ Kf6 44. Rf4+ Ke7 45. g4 Re6+ 46. Kd4 Re1 47. h5 Ke6 48. Kd3 f6 49. Kd4 Re5 50. Kd3 f5 51. g5 Re1 52. Ra4 Rg1 53. Ra6+ Ke5 54. g6 hxg6 55. hxg6 Rd1+ 56. Ke3 Rd6 57. Ra5+ Kf6 58. Kf4 Rd4+ 59. Kf3 Kxg6 60. Ra6+ Kg5 61. Ra1 Rf4+ 62. Kg3 Re4 63. Kf3 g6 64. Rg1+ Kf6 65. Rg3 g5 66. Kf2 g4 67. Kf1 Kg5 68. Kf2 f4 69. Rd3 g3+ 70. Kf3 Kf5 71. Rd5+ Re5 72. Rd3 Kg5 73. Rc3 Rf5 74. Rd3 Ra5 75. Rc3 Kh4 76. Rc1 Ra3+ 77. Kxf4 g2 78. Rc7 Ra5 79. Rg7 Ra4+ 80. Kf3 Kh3 81. Rh7+ Rh4 82. Rxh4+ Kxh4 83. Kxg2 1/2-1/2

[Event "Regionalliga SW 1718 (Women)"]
[Site "Germany"]
[Date "2018.02.18"]
[Round "5.4"]
[White "Neisius, Laura Maria"]
[Black "Alt, Barbara"]
[Result "1-0"]
[WhiteElo "1744"]
[BlackElo "1508"]
[PlyCount "85"]
[EventDate "2017.10.15"]
[EventType "team-tourn"]
[EventRounds "5"]
[EventCountry "GER"]
[SourceTitle "CBM 183 Extra"]
[Source "ChessBase"]
[SourceDate "2018.04.19"]
[SourceVersion "1"]
[SourceVersionDate "2018.04.19"]
[SourceQuality "1"]
[WhiteTeam "Freiburg Zaehringen (W)"]
[BlackTeam "Riegelsberg (W)"]
[WhiteTeamCountry "GER"]
[BlackTeamCountry "GER"]

1. e4 b6 2. g3 e5 3. Bg2 Nf6 4. d3 Nc6 5. Ne2 Bc5 6. c3 Be7 7. 0-0 0-0 8. Kh1 d6 9. Na3 Bd7 10. f4 Qc8 11. f5 Na5 12. Bg5 Nb7 13. d4 Qd8 14. b4 c5 15. Nc4 Bb5 16. Qb3 cxd4 17. cxd4 Rc8 18. Rfc1 Qd7 19. a4 Bxc4 20. Rxc4 a5 21. Rd1 Rxc4 22. Qxc4 Qxa4 23. Rb1 axb4 24. Qxb4 Qc2 25. Qxb6 Qc8 26. Qxb7 Qc2 27. Qb2 Qd3 28. Bxf6 Bxf6 29. d5 h6 30. Ng1 Rc8 31. Rc1 Re8 32. Qb6 Bg5 33. Re1 Qd2 34. Rf1 Be3 35. Qxd6 Qd3 36. Qc6 Rd8 37. Qc7 Rf8 38. Qxe5 f6 39. Qe6+ Kh8 40. Qe7 Ra8 41. d6 Ra2 42. d7 Rxg2 43. d8Q+ 1-0

[Event "Regionalliga SW 1718 (Women)"]
[Site "Germany"]
[Date "2018.01.28"]
[Round "4.3"]
[White "Neisius, Laura Maria"]
[Black "Bohrer, Katharina"]
[Result "1-0"]
[WhiteElo "1744"]
[BlackElo "1231"]
[PlyCount "105"]
[EventDate "2017.10.15"]
[EventType "team-tourn"]
[EventRounds "5"]
[EventCountry "GER"]
[SourceTitle "CBM 183 Extra"]
[Source "ChessBase"]
[SourceDate "2018.04.19"]
[SourceVersion "1"]
[SourceVersionDate "2018.04.19"]
[SourceQuality "1"]
[WhiteTeam "Freiburg Zaehringen (W)"]
[BlackTeam "Birkenfeld (W)"]
[WhiteTeamCountry "GER"]
[BlackTeamCountry "GER"]

1. f4 d6 2. Nf3 Nf6 3. b3 g6 4. Bb2 Bg7 5. e3 Nc6 6. Be2 0-0 7. 0-0 Bg4 8. h3 Bxf3 9. Bxf3 Qd7 10. d3 Rfe8 11. Nc3 e5 12. Nd5 Nxd5 13. Bxd5 Rf8 14. c3 a6 15. b4 Rab8 16. a3 Ne7 17. Bb3 Nf5 18. Qe1 Rbe8 19. g4 Ne7 20. Qf2 Nc6 21. f5 d5 22. e4 d4 23. f6 Bh8 24. c4 Nd8 25. Bc1 Re6 26. Qh4 c5 27. Bh6 Rfe8 28. Rf3 b6 29. Raf1 Qc7 30. Qg3 Qd6 31. h4 Bxf6 32. b5 a5 33. Qf2 R8e7 34. Rxf6 Rxf6 35. Qxf6 Qxf6 36. Rxf6 Ne6 37. Bd1 Kh8 38. Bd2 Kg7 39. g5 Kg8 40. h5 Kg7 41. h6+ Kg8 42. Kg2 Kf8 43. Kh3 Kg8 44. Kg4 Kf8 45. Be1 Kg8 46. Bg3 Rb7 47. Bxe5 Nf8 48. Rc6 Re7 49. Bf6 Re8 50. Rxb6 Nd7 51. Ra6 Nxf6+ 52. Rxf6 Ra8 53. Rc6 1-0

[Event "GER-chT U20 Girls"]
[Site "Osnabrueck"]
[Date "2013.12.30"]
[Round "7.3"]
[White "Neisius, Laura Maria"]
[Black "Winterberg, Johanna"]
[Result "0-1"]
[WhiteElo "1315"]
[BlackElo "1365"]
[PlyCount "78"]
[EventDate "2013.12.27"]
[EventType "team-swiss"]
[EventRounds "7"]
[EventCountry "GER"]
[SourceTitle "EXT 2015"]
[Source "ChessBase"]
[SourceDate "2014.11.20"]
[SourceVersion "1"]
[SourceVersionDate "2014.11.20"]
[SourceQuality "1"]
[WhiteTeam "Hattersheim"]
[BlackTeam "Burgtonna"]
[WhiteTeamCountry "GER"]
[BlackTeamCountry "GER"]

1. e4 c5 2. c3 Nc6 3. Nf3 Nf6 4. d3 d6 5. Be2 g6 6. Bg5 Bg7 7. Qd2 0-0 8. h3 b5 9. Bh6 a5 10. Na3 b4 11. Bxg7 Kxg7 12. cxb4 axb4 13. Nc4 Be6 14. b3 Bxc4 15. dxc4 Nxe4 16. Qb2+ Kg8 17. Bd3 Nc3 18. 0-0 e5 19. Rfe1 Re8 20. Be4 Nxe4 21. Rxe4 Nd4 22. Nh2 f5 23. Re3 e4 24. Rae1 d5 25. cxd5 Qxd5 26. f3 Re6 27. fxe4 Rxe4 28. Ng4 Kf7 29. Rxe4 fxe4 30. Rf1+ Ke7 31. Qf2 Nf5 32. Qf4 Rxa2 33. Qg5+ Ke6 34. Qf6+ Kd7 35. Qg5 Kc6 36. Re1 e3 37. Qf6+ Kb5 38. Nxe3 Nxe3 39. Kh1 Qxg2# 0-1

[Event "GER-chT U20 Girls"]
[Site "Osnabrueck"]
[Date "2013.12.29"]
[Round "5.3"]
[White "Neisius, Laura Maria"]
[Black "Marx, Jasmin"]
[Result "1/2-1/2"]
[WhiteElo "1315"]
[BlackElo "1250"]
[PlyCount "85"]
[EventDate "2013.12.27"]
[EventType "team-swiss"]
[EventRounds "7"]
[EventCountry "GER"]
[SourceTitle "EXT 2015"]
[Source "ChessBase"]
[SourceDate "2014.11.20"]
[SourceVersion "1"]
[SourceVersionDate "2014.11.20"]
[SourceQuality "1"]
[WhiteTeam "Hattersheim"]
[BlackTeam "Welper SV"]
[WhiteTeamCountry "GER"]
[BlackTeamCountry "GER"]

1. e4 e6 2. d4 d5 3. e5 c5 4. c3 Nc6 5. Nf3 cxd4 6. cxd4 Bb4+ 7. Nc3 Nge7 8. Bg5 0-0 9. Bd3 a6 10. 0-0 Qd7 11. Nh4 Ng6 12. Qg4 Be7 13. Nf3 Bxg5 14. Nxg5 Nce7 15. h4 h6 16. Nf3 Nh8 17. Qh5 Neg6 18. Ne2 Qe7 19. g4 Bd7 20. g5 f6 21. Bxg6 Nxg6 22. Qxg6 fxg5 23. Qh5 Be8 24. Qg4 Qf7 25. Kg2 Bb5 26. Rae1 Bd3 27. Nc3 Bxf1+ 28. Rxf1 gxh4 29. Nxh4 Qe8 30. f4 Rd8 31. f5 exf5 32. Nxf5 g6 33. Nxh6+ Kh7 34. Rh1 Kg7 35. Rh5 Rh8 36. Nf5+ Kg8 37. Ne7+ Qxe7 38. Qxg6+ Qg7 39. Qxg7+ Kxg7 40. Rf5 Rh6 41. b3 Rc6 42. Rf3 b5 43. a3 1/2-1/2

[Event "GER-chT U20 Girls"]
[Site "Osnabrueck"]
[Date "2013.12.29"]
[Round "6.3"]
[White "Schulze, Lara"]
[Black "Neisius, Laura Maria"]
[Result "1-0"]
[WhiteElo "1587"]
[BlackElo "1315"]
[PlyCount "107"]
[EventDate "2013.12.27"]
[EventType "team-swiss"]
[EventRounds "7"]
[EventCountry "GER"]
[SourceTitle "EXT 2015"]
[Source "ChessBase"]
[SourceDate "2014.11.20"]
[SourceVersion "1"]
[SourceVersionDate "2014.11.20"]
[SourceQuality "1"]
[WhiteTeam "Lehrte"]
[BlackTeam "Hattersheim"]
[WhiteTeamCountry "GER"]
[BlackTeamCountry "GER"]

1. d4 e6 2. c4 d5 3. Nc3 Nf6 4. Nf3 c6 5. Bf4 Bd6 6. Bg3 0-0 7. e3 Be7 8. Bd3 dxc4 9. Bxc4 b5 10. Bd3 Bb7 11. Rc1 Nbd7 12. 0-0 a6 13. Ne4 Nd5 14. Nd6 Bxd6 15. Bxd6 Re8 16. e4 Ne7 17. Ne5 Nxe5 18. dxe5 Ng6 19. Bb1 Qg5 20. Rc5 Nh4 21. g3 Ng6 22. f4 Qd8 23. Qe2 Qb6 24. Qf2 Bc8 25. Rfc1 Bd7 26. R5c3 Qxf2+ 27. Kxf2 h5 28. Rd1 Ne7 29. Bc5 Bc8 30. Bxe7 Rxe7 31. Rd8+ Kh7 32. Rxc6 Bb7 33. Rxa8 Bxa8 34. Rxa6 Re8 35. Rb6 Rc8 36. Rxb5 Rc1 37. Bd3 Rh1 38. h4 Rh2+ 39. Ke3 Rh1 40. Ke2 Rh2+ 41. Kf3 Rh1 42. Rb3 Bc6 43. Rc3 Be8 44. Rc8 Bd7 45. Rc7 Ba4 46. b3 Be8 47. Re7 Bc6 48. Rxf7 Rd1 49. Bc4 Rd4 50. Bxe6 Bxe4+ 51. Ke3 Rb4 52. a3 Rb6 53. Kxe4 Rxe6 54. Rb7 1-0

[Event "GER-chT U20 Girls"]
[Site "Osnabrueck"]
[Date "2013.12.27"]
[Round "2.3"]
[White "Neisius, Laura Maria"]
[Black "Spangenberg, Pia"]
[Result "0-1"]
[WhiteElo "1315"]
[BlackElo "1557"]
[PlyCount "68"]
[EventDate "2013.12.27"]
[EventType "team-swiss"]
[EventRounds "7"]
[EventCountry "GER"]
[SourceTitle "EXT 2015"]
[Source "ChessBase"]
[SourceDate "2014.11.20"]
[SourceVersion "1"]
[SourceVersionDate "2014.11.20"]
[SourceQuality "1"]
[WhiteTeam "Hattersheim"]
[BlackTeam "Leipzig Lindenau"]
[WhiteTeamCountry "GER"]
[BlackTeamCountry "GER"]

1. e4 d5 2. exd5 Nf6 3. d4 Nxd5 4. Bc4 Nb6 5. Bb3 e6 6. Nc3 Nc6 7. Nf3 Bd7 8. Be3 Bb4 9. Bd2 Ne7 10. 0-0 0-0 11. a3 Bd6 12. Ne2 c5 13. Bc3 Nbd5 14. Bd2 Rc8 15. c3 Bc6 16. Ng5 cxd4 17. Nxd4 h6 18. Nh3 Bd7 19. f4 Bc5 20. Nf2 Bxd4 21. cxd4 Nf5 22. Re1 Nxd4 23. Bxd5 exd5 24. Be3 Nc2 25. Qxd5 Nxe1 26. Rxe1 b6 27. Qh5 Re8 28. Nd3 Be6 29. Ne5 Qd5 30. Qh4 Rc2 31. Nf3 Bf5 32. Qg3 Rxb2 33. Bd4 Rxe1+ 34. Qxe1 Rb1 0-1

[Event "GER-chT U20 Girls"]
[Site "Magdeburg"]
[Date "2010.12.29"]
[Round "6.2"]
[White "Bachem, Lisa"]
[Black "Neisius, Laura Maria"]
[Result "1-0"]
[WhiteElo "1487"]
[BlackElo "1002"]
[PlyCount "51"]
[EventDate "2010.12.27"]
[EventType "team-swiss"]
[EventRounds "7"]
[EventCountry "GER"]
[SourceTitle "CBM 140 Extra"]
[Source "ChessBase"]
[SourceDate "2011.03.01"]
[SourceVersion "1"]
[SourceVersionDate "2011.03.01"]
[SourceQuality "1"]
[WhiteTeam "Fritzdorf"]
[BlackTeam "Hattersheim"]
[WhiteTeamCountry "GER"]
[BlackTeamCountry "GER"]

1. e4 e6 2. d4 d5 3. e5 c5 4. c3 Nc6 5. Nf3 Qb6 6. Be2 Nh6 7. b3 Nf5 8. Bb2 cxd4 9. cxd4 Bb4+ 10. Bc3 Ncxd4 11. Nxd4 Nxd4 12. Bb5+ Nxb5 13. Bxb4 a5 14. Bd2 0-0 15. Nc3 f6 16. exf6 Rxf6 17. 0-0 Qc6 18. Nxb5 Qxb5 19. Rc1 Rg6 20. Qf3 e5 21. Rc7 Bg4 22. Qf7+ Kh8 23. Rfc1 Qd3 24. Rc8+ Rxc8 25. Rxc8+ Bxc8 26. Qf8# 1-0

[Event "GER-chT U20 Girls"]
[Site "Magdeburg"]
[Date "2010.12.28"]
[Round "4.2"]
[White "Heinemann, Josefine"]
[Black "Neisius, Laura Maria"]
[Result "1-0"]
[WhiteElo "1543"]
[BlackElo "1002"]
[PlyCount "61"]
[EventDate "2010.12.27"]
[EventType "team-swiss"]
[EventRounds "7"]
[EventCountry "GER"]
[SourceTitle "CBM 140 Extra"]
[Source "ChessBase"]
[SourceDate "2011.03.01"]
[SourceVersion "1"]
[SourceVersionDate "2011.03.01"]
[SourceQuality "1"]
[WhiteTeam "Magdeburg USC"]
[BlackTeam "Hattersheim"]
[WhiteTeamCountry "GER"]
[BlackTeamCountry "GER"]

1. e4 e6 2. d4 d5 3. e5 c5 4. c3 Nc6 5. Nf3 cxd4 6. cxd4 Nge7 7. Na3 Nf5 8. Nc2 Qb6 9. Bd3 Bd7 10. Bxf5 exf5 11. 0-0 Nb4 12. a3 Nxc2 13. Qxc2 f6 14. exf6 Qxf6 15. Re1+ Be7 16. Bg5 Qd6 17. Bxe7 Qg6 18. Bb4+ Kd8 19. Be7+ Ke8 20. Bd6+ Kf7 21. Ne5+ Kf6 22. Be7+ Kxe7 23. Nxg6+ Kf6 24. Nxh8 Rxh8 25. Qc7 Be6 26. Qe5+ Kg6 27. Qxe6+ Kg5 28. f4+ Kg4 29. h3+ Kh4 30. Qe7+ Kg3 31. Qg5# 1-0